000 00327nam a2200133Ia 4500
008 240624s9999 xx 000 0 und d
041 _aeng
082 _a828 BER
100 _aBERKUN SCOTT
245 _aCONFESSIONS OF A PUBLIC SPEAKER
260 _c2010
_aCambridge
_bO'Reilly
300 _ax, 222 p.; 21 cm.
365 _c
_b38
999 _c29019
_d29019